Jablonica

Podrobná bibliografia
Hlavný autor: Dingová, Anna (Autor)
Médium: Kniha
Jazyk:slovenčina
Fyzický popis:190 strán fotografie 24 cm
Vydavateľské údaje: Skalica Záhorské múzeum 2002
ISBN:808544643X
Vydanie:1. vyd.
Predmet:

MARC

LEADER 00000cam a2200000 a 4500
001 vtls001479869
003 SK-MaSNL
005 20260302040604.0
008 240226s2002 xo o grn 000 0 slo
015 |a SNBA2004/08-04560 
020 |a 808544643X 
035 |a SNK000435167 
035 |a urn:nbn:sk:snk-am3j30p 
035 |a 7265EB9D-20F7-4395-9985-142E56039D3D 
035 |a urn:nbn:sk:snk-am00gh9o 
040 |a SNK  |b slo  |c SNK  |e AACR2 
041 0 |a slo 
043 |a e-xo--- 
044 |a xo  |c SK 
072 7 |a 911  |x Všeobecná geografia. Systematická geografia  |2 konspekt 
080 |a 94(437.6)  |2 1997 
080 |a (437.612)  |2 2011 
080 |a 911.375(091)  |2 2011 
080 |a (048.8)  |2 2011 
245 0 0 |a Jablonica  |c [autorský kolektív: Anna Dingová ... [et al.]] 
250 |a 1. vyd. 
260 |a Skalica  |b Záhorské múzeum  |c 2002 
300 |a 190 strán  |b fotografie  |c 24 cm 
366 |e 800 kusov 
500 |a Vydané pre Obecný úrad v Jablonici 
504 |a Bibliografia na strane 181-183 
650 0 7 |a dejiny obcí  |2 SNKPH  |9 164834 
651 7 |a Jablonica (Slovensko)  |2 SNKPHgeo  |9 59100 
655 7 |a monografie  |2 SNKPH  |9 70139 
700 1 |a Dingová, Anna  |4 aut  |9 614237 
710 1 |a Jablonica (Slovensko).  |b Obecný úrad  |4 pbl  |9 184788 
919 |a 80-85446-43-X 
958 |a NB 
958 |a OND 
999 |c 1075309  |d 1077239 
952 |a SNK  |b SNK  |y PREZ  |7 0  |p 17A0439276  |o snkSC 116938  |i snkKSP 10673/2004  |0 0  |1 0  |4 0  |d 2004-08-09  |f 1  |l 0  |r 2025-10-16 00:00:00  |w 2026-02-24 
952 |t snkJAB 908.437.6  |a SNKUST  |b SNKUST  |y PREZ  |7 0  |p 17A0439277  |o snkSC 116938 D1  |i snkKSP 10674/2004  |0 0  |1 0  |4 0  |d 2004-08-09  |l 0  |r 2025-05-28 00:00:00  |w 2026-02-24